Countries with 7-Elevens - Statistics

General Stats
  • This quiz has been taken 110 times
    61 since last reset
  • The average score is 16 of 21
Answer Stats
# Answer % Correct
9,364 United States
100%
3,156 China
96%
20,988 Japan
96%
562 Canada
94%
11,712 Thailand
92%
708 Australia
90%
1 India
90%
1,829 Mexico
90%
10,016 South Korea
88%
2,411 Malaysia
86%
2,864 Philippines
86%
411 Singapore
86%
44 Vietnam
86%
5,647 Taiwan
84%
1 Cambodia
78%
1 Laos
71%
154 Norway
49%
83 Sweden
49%
12 UAE
49%
172 Denmark
47%
1 Israel
43%
No matching quizzes found
Score Distribution
Percent of People with Each Score
Percentile by Number Answered
Your Score History
You have not taken this quiz since the last reset